000 00470nam a2200169Ia 4500
999 _c16055
_d16055
003 OSt
005 20200606115847.0
008 190216s9999||||xx |||||||||||||| ||und||
040 _cMESKC library
082 _a200
_bCHA/D
100 _aChathursen, Acharya
_9277
245 0 _aDharme Ke Nam par /
_cAcharya Chathursen
260 _bPN Prakashan,
_aDelhi:
_c2001.
300 _a264p
650 _aHindi
942 _cBK
_2ddc
_h200
_iCHA/D
_k200
_mCHA/D